000 00535nam a2200193 i 4500
001 bgj
100 1 _aWETZ, Ben
245 1 0 _aAdventures :
_bpodręcznik dla gimnazjum : student's book : starter /
_cBen Wetz.
260 _aOxford :
_bOxford University Press,
_c2003.
300 _a129 pp :
_bill. ;
_c28 cm.
650 9 _aEnglish language
655 _aTextbooks for foreigners
020 _a0194703762
040 _cBPK
041 0 _aeng
920 _a0-19-470376-2
942 _cKS
008 s uk f |000 0 eng
999 _c48958
_d48958